Những điều còn chưa biết về Mari Quyri
Giới thiệu khái quát về tiểu sử của bà Mari Quyri, những đóng góp của bà cho ngành vật lí học, đặc biệt là 10 bài học bà đã dạy ở Xoocbon thời bấy giờ
Shranjeno v:
| Format: | Knjiga |
|---|---|
| Jezik: | Undetermined |
| Izdano: |
Hà Nội
Giáo dục
2009
|
| Teme: | |
| Oznake: |
Označite
Brez oznak, prvi označite!
|
| Thư viện lưu trữ: | Trung tâm Học liệu Trường Đại học Cần Thơ |
|---|
| LEADER | 00852nam a2200205Ia 4500 | ||
|---|---|---|---|
| 001 | CTU_197059 | ||
| 008 | 210402s9999 xx 000 0 und d | ||
| 020 | |c 10000 | ||
| 082 | |a 530.092 | ||
| 082 | |b Nh556 | ||
| 245 | 0 | |a Những điều còn chưa biết về Mari Quyri | |
| 245 | 0 | |c Đỗ Hương Trà (sưu tầm và biên khảo) | |
| 260 | |a Hà Nội | ||
| 260 | |b Giáo dục | ||
| 260 | |c 2009 | ||
| 520 | |a Giới thiệu khái quát về tiểu sử của bà Mari Quyri, những đóng góp của bà cho ngành vật lí học, đặc biệt là 10 bài học bà đã dạy ở Xoocbon thời bấy giờ | ||
| 650 | |a Physicists,Nhà vật lý | ||
| 650 | |x Biography,Tiểu sử | ||
| 904 | |i Nguyên | ||
| 980 | |a Trung tâm Học liệu Trường Đại học Cần Thơ | ||